Respiração celular (Record no. 142481)

MARC details
000 -LÍDER
campo de controle de tamanho fixo 00703 a2200181 4500
001 - NÚMERO DE CONTROLE
campo de controle 142481
040 ## - FONTE DA CATALOGAÇÃO
Instituição que transcreveu o registro Leonardo Da Vinci
041 ## - CÓDIGO DE IDIOMA
Código do idioma do texto/trilha sonora ou título diferente Português
082 ## - CDD - CLASSIFICAÇÃO DECIMAL DE DEWEY
Número de Classificação v219
100 ## - ENTRADA PRINCIPAL--NOME PESSOAL
Nome pessoal EDUCACIONAL SHOP VIDEO
245 ## - TÍTULO
Título Respiração celular
250 ## - EDIÇÃO
Edição v.1-2
260 ## - PUBLICAÇÃO, DISTRIBUIÇÃO, ETC.
Nome do editor, distribuidor, etc. ESV
Local de publicação, distribuição, etc. São Paulo
490 ## - TÍTULO DA SÉRIE
Título da série TV Ontario
520 ## - NOTA DE RESUMO, ETC
Resumo, etc. Este vídeo analisa as fontes de energia e mecanismo usado por<br/>seres vivos para se sustentarem. São analisadas as conecções entre os<br/>processos de respiração e nutrição celular
697 ## - ENTRADA DE ASSUNTO LOCAL--ENTIDADE COLETIVA (RLIN)
Nome corporativo ou nome da jurisdição Biologia
-- Respiração celular
-- Seres Vivos
-- Célula
-- Energia
-- Glicose 1
-- Glicose 2
-- O ciclo de Krebs
-- Fosforilação oxidativa
-- Metabolismo e Nutrição
942 ## - ELEMENTOS DE ENTRADA ADICIONADOS (KOHA)
Tipo de material Koha Materiais visuais
Holdings
Situação do descarte Situação das perdas Situação física Não pode ser emprestado Biblioteca de origem Biblioteca atual Data de aquisição Total de empréstimos Número de chamada completo Código de barras Data de último acesso Data do preço efetivo Tipo de material Koha
        Leonardo Da Vinci - Alphaville 1 Leonardo Da Vinci - Alphaville 1 27/03/2024   v219 A0228LVA 27/03/2024 27/03/2024 Materiais visuais